|
|
|
|
| LEADER |
01486nam a22003972a 4500 |
| 001 |
001834849 |
| 003 |
CZ BrMZK |
| 005 |
20220920082749.0 |
| 007 |
ta |
| 008 |
220920s1939 xr er|||||||||||cze d |
| 015 |
|
|
|a cnb001944948
|
| 040 |
|
|
|a ABA001
|b cze
|
| 045 |
|
|
|a x0x5
|
| 048 |
|
|
|a vu01
|
| 072 |
|
7 |
|a 78.011.26
|x Populární hudba. Populární písně. Populární taneční hudba
|2 Konspekt
|9 9
|
| 080 |
|
|
|a 78.03.011.26
|2 MRF
|
| 080 |
|
|
|a 78.085.2
|2 MRF
|
| 080 |
|
|
|a 78.089.6.087.6
|2 MRF
|
| 100 |
1 |
|
|a Kvasnica, Rudolf,
|d 1895-1986
|7 jn20000401567
|4 cmp
|
| 245 |
1 |
0 |
|a To naše Brno
|h [hudebnina] :
|b valčíková píseň /
|c hudba Rudolf Kvasnica ; slova Karel Kosina
|
| 260 |
|
|
|a Brno :
|b Jar. Stožický,
|c c1939
|
| 300 |
|
|
|a [2] s. ;
|c 17 cm
|
| 382 |
0 |
1 |
|a zpěv
|n 1
|v akordické značky
|s 1
|
| 490 |
1 |
|
|a Kabaretní repertoir písní a kupletů ;
|v [č. 197]
|
| 648 |
|
7 |
|a 1901-1950
|7 ch460576
|2 czenas
|
| 650 |
0 |
7 |
|a populární hudba
|7 ph124352
|z Česko
|y 1901-1950
|2 czenas
|
| 650 |
0 |
7 |
|a valčíky
|7 ph224487
|2 czenas
|
| 655 |
|
7 |
|a populární hudba
|7 fd992599
|2 czenas
|
| 655 |
|
7 |
|a valčíky
|7 fd980024
|2 czenas
|
| 655 |
|
7 |
|a vokální linky s podloženým textem
|7 fd201985
|2 czenas
|
| 700 |
1 |
|
|a Kosina, Karel,
|d 1899-1961
|7 jk01061948
|4 lyr
|
| 830 |
|
0 |
|a Kabaretní repertoir písní a kupletů
|
| 910 |
|
|
|a BOA001
|b Mus1-1494.295
|
| 990 |
|
|
|a MU
|
| 991 |
|
|
|b 202209
|
| 996 |
6 |
|
|b 2610913729
|c Mus1-1494.295
|l MZK
|r Sklad / do 1 hodiny
|n 0
|p dar
|w 001899859
|u 000010
|a 1
|e BOA001
|j MZK50
|s P
|